Music Quiz

Random Music or Song Quiz

Foreign Lyrics in Pop Songs Quiz Stats

Quiz Updated Mar 13, 2012

Also try: Lyric Pop Quiz
Challenge
Share
Tweet
Embed
Score 0/28 Timer 06:00
4 Plays Today
Lyrics Song % Correct
Je veux ton amour/Et je veux ta revancheBad Romance
51.1%
Dōmo arigatō [title]/Himitsu wo shiritaiMr. Roboto
49.2%
Voulez-vous coucher avec moi ce soir?Lady Marmalade
48.1%
Unos, dos, tres, catorce!Vertigo
47.1%
Mazel tov! L'chaim!I Gotta Feeling
45.6%
Soy un perdedorLoser
44.7%
Sont des mots qui vont très bien ensemble/Très bien ensembleMichelle
39.1%
Te dijo te amoLa Isla Bonita
28.9%
Er war ein Mann der Frauen/Frauen liebten seinen PunkRock Me Amadeus
28.5%
Tom bo li de say de moi ya/Yeah, jambo jamboAll Night Long (All Night)
23.6%
Me debo ir o quedarme? Should I Stay or Should I Go
21.4%
Jai guru deva omAcross the Universe
20.9%
Uno, dos, one, two, tres, quatroWooly Bully
18.6%
Réalisant mon espoir/Je me lance, vers la gloirePsycho Killer
18.1%
Lyrics Song % Correct
La question c'est [title]/[title]Voulez-Vous
16.6%
Jeux sans frontieresGames Without Frontiers
16.1%
Les yeux sans visageEyes Without a Face
15.9%
Quien es esa niña, [title]?/Señorita mas fina, [title]?Who's That Girl
11.3%
Wa ana nahos ana wahala ghzaltiDesert Rose
10.4%
[title, title], avec tes yeux si bleus/[title, title], moi j'ai flashé à nous deux Denis
9.7%
Ich lieb' dich nicht, du liebst mich nichtDa Da Da I Don't Love You You Don't Love Me Aha Aha Aha
8.4%
O kodwa u zo-nge li-sa namhlangeDiamonds on the Soles of Her Shoes
8.3%
Hé, j'ai vu ton mec avec une autre fille/Il semblait dans un autre mondeSunday Girl
5.7%
Un homme dans une gare isolée/Une valise à ses côtésFade to Grey
5.4%
Accroche-toi à ton rêve/Quand tu vois ton bateau partirHold on Tight
5.2%
Dis-moi pourquoi le sang pour le plaisir?/Le plaisir sans l'amour?Sadeness (Part I)
5.1%
Ich heiße Superphantastisch!/Ich trinke Schampus mit Lachsfisch!Darts of Pleasure
3.1%
Paco Picopiedra la muñecaCrackity Jones
2%

You're not logged in!

Compare scores with friends on all Sporcle quizzes.
Sign Up with Email
OR
Log In

You Might Also Like...

Show Comments

Extras

Top Quizzes Today


Score Distribution

Your Account Isn't Verified!

In order to create a playlist on Sporcle, you need to verify the email address you used during registration. Go to your Sporcle Settings to finish the process.